|
|
|
|
| LEADER |
03403nam a22005055i 4500 |
| 001 |
978-88-470-1717-7 |
| 003 |
DE-He213 |
| 005 |
20151204172252.0 |
| 007 |
cr nn 008mamaa |
| 008 |
110126s2010 it | s |||| 0|ita d |
| 020 |
|
|
|a 9788847017177
|9 978-88-470-1717-7
|
| 024 |
7 |
|
|a 10.1007/978-88-470-1717-7
|2 doi
|
| 040 |
|
|
|d GrThAP
|
| 050 |
|
4 |
|a R895-920
|
| 072 |
|
7 |
|a MMPH
|2 bicssc
|
| 072 |
|
7 |
|a MMP
|2 bicssc
|
| 072 |
|
7 |
|a MED008000
|2 bisacsh
|
| 082 |
0 |
4 |
|a 616.0757
|2 23
|
| 245 |
1 |
0 |
|a Management in radiologia
|h [electronic resource] /
|c edited by Lorenzo Bonomo, Alessandro Carriero, Maurizio Centonze, Tommaso Scarabino.
|
| 264 |
|
1 |
|a Milano :
|b Springer Milan,
|c 2010.
|
| 300 |
|
|
|a XX, 344 pagg. 10 figg. a colori.
|b online resource.
|
| 336 |
|
|
|a text
|b txt
|2 rdacontent
|
| 337 |
|
|
|a computer
|b c
|2 rdamedia
|
| 338 |
|
|
|a online resource
|b cr
|2 rdacarrier
|
| 347 |
|
|
|a text file
|b PDF
|2 rda
|
| 505 |
0 |
|
|a Clinical governance -- Clinical governance -- A -- Amministratore di sistema RIS/PACS -- Appropriatezza nel management radiologico -- Atto medico radiologico -- Audit e metodi di approccio alla qualità -- Azienda sanitaria -- B, C -- Budget nelle aziende sanitarie -- Clinical governance in radiodiagnostica -- Clinical governance in radioterapia oncologica -- Contratti di lavoro e relazioni sindacali -- D, E -- Domanda e offerta -- Etica in radiologia -- F, G -- Formazione -- Gestione strategica aziendale -- H, I -- Health Technology Assessment -- Informatizzazione in radiologia -- L, M -- Liste d’attesa -- Mezzi di contrasto -- P, Q -- Privacy -- Produttivitá -- Qualitá -- R -- Responsabilitá del radiologo: aspetti giuridici e medico-legali -- Risorse umane -- Risk management -- T -- Tecnico di radiologia medica: ruolo e funzioni -- Teleradiologia.
|
| 520 |
|
|
|a Il radiologo è oggi chiamato a svolgere, oltre alla professione medica, anche mansioni organizzativo-gestionali, e a operare scelte cliniche sempre più interconnesse a conoscenze e competenze tecniche. Il volume ha un format semplice e chiaro, a contenuto essenziale, rivolto ai colleghi dell’area radiologica che desiderino cimentarsi con tematiche di ordine gestionale e organizzativo (con un occhio anche alla preparazione di un colloquio per l’incarico di Direzione di Struttura Complessa). La conoscenza degli argomenti trattati è divenuta essenziale nel complesso sistema sanitario, in cui interagiscono molteplici fattori eterogenei e dinamici che devono integrarsi e coordinarsi per rispondere al meglio ai bisogni assistenziali del paziente. Tali tematiche devono pertanto necessariamente far parte del bagaglio culturale di ogni medico specialista e quindi anche del radiologo.
|
| 650 |
|
0 |
|a Medicine.
|
| 650 |
|
0 |
|a Public health.
|
| 650 |
|
0 |
|a Health administration.
|
| 650 |
|
0 |
|a Radiology.
|
| 650 |
1 |
4 |
|a Medicine & Public Health.
|
| 650 |
2 |
4 |
|a Imaging / Radiology.
|
| 650 |
2 |
4 |
|a Health Administration.
|
| 650 |
2 |
4 |
|a Public Health.
|
| 700 |
1 |
|
|a Bonomo, Lorenzo.
|e editor.
|
| 700 |
1 |
|
|a Carriero, Alessandro.
|e editor.
|
| 700 |
1 |
|
|a Centonze, Maurizio.
|e editor.
|
| 700 |
1 |
|
|a Scarabino, Tommaso.
|e editor.
|
| 710 |
2 |
|
|a SpringerLink (Online service)
|
| 773 |
0 |
|
|t Springer eBooks
|
| 776 |
0 |
8 |
|i Printed edition:
|z 9788847017160
|
| 856 |
4 |
0 |
|u http://dx.doi.org/10.1007/978-88-470-1717-7
|z Full Text via HEAL-Link
|
| 912 |
|
|
|a ZDB-2-SME
|
| 950 |
|
|
|a Medicine (Springer-11650)
|